| 000 | 00778nam a2200229Ii 4500 | ||
|---|---|---|---|
| 003 | JO-AjNU | ||
| 008 | 230605s9999||||xx |||||||||||||| ||und|| | ||
| 017 | _a1998/11/1941 | ||
| 020 | _a9957-07-036-3 | ||
| 040 |
_aJO-AjNU _bara _erda _cJO-AjNU |
||
| 041 | _aara | ||
| 050 | 1 | 4 | _aPJ6696.A38 1999 |
| 100 | 3 |
_aتأليف عبد الواحد، عهود, _eauthor _942543 |
|
| 245 | 0 | 0 | _aالسور المدنية: دراسة بلاغية وأسلوبية |
| 250 | _aط1 | ||
| 264 | 3 | 1 | _aعمان: دار الفكر للطباعة والتوزيع والنشر، 1999 |
| 300 | _a258ص | ||
| 336 |
_atext _btxt _2rdacontent |
||
| 337 |
_aunmediated _bn _2rdamedia |
||
| 338 |
_avolume _bnc _2rdacarrier |
||
| 650 | 4 |
_aالقرآن الكريم - بلاغة - ألفاظ _942544 |
|
| 999 |
_aA18224 _c21792 _d21792 |
||